Statistics for Busiest Railway Stations in the UK (Excluding London)

Click here to take the quiz!

General Stats

  • This quiz has been taken 257 times
  • The average score is 21 of 40

Answer Stats

No. of Passenger Entries / ExitsStation% Correct
27,724,962Manchester Piccadilly
90%
43,741,712Birmingham New Street
89%
31,107,672Leeds
88%
8,756,828Newcastle
85%
16,032,460Liverpool Lime Street
83%
23,334,430Edinburgh Waverley
82%
32,915,936Glasgow Central
81%
9,667,514Sheffield
78%
16,928,828Brighton
76%
9,833,864York
76%
11,350,146Bristol Temple Meads
75%
7,858,974Nottingham
75%
16,979,808Reading
75%
6,538,356Southampton Central
69%
5,392,710Leicester
67%
7,984,182Oxford
65%
12,951,746Cardiff Central
64%
11,530,238Cambridge
63%
8,202,118Manchester Victoria
57%
7,558,210Coventry
56%
16,398,242Glasgow Queen Street
53%
20,328,212Gatwick Airport
52%
4,993,372Wolverhampton
48%
6,642,412Birmingham Moor Street
42%
6,664,422Birmingham International
39%
8,558,308Manchester Oxford Road
38%
16,465,770Liverpool Central
37%
6,395,694Bath Spa
35%
6,824,326Milton Keynes Central
33%
5,544,320Slough
33%
8,321,014Watford Junction
33%
7,954,618Guildford
29%
8,934,250Stansted Airport
26%
5,794,624Basingstoke
25%
8,619,956Chelmsford
25%
5,100,976Huddersfield
20%
7,367,020St. Albans City
20%
7,642,076Woking
20%
5,091,580Winchester
11%
7,366,266Moorfields
8%

Score Distribution

Percentile by Number Answered

Percent of People with Each Score

Your Score History

You have not taken this quiz